000 00366nam a2200157Ia 4500
003 OSt
005 20240208101507.0
008 170524s9999 xx 000 0 und d
020 _a9781259005114
040 _cIIMT UNIVERSITY
100 _aMATAL AMITA
100 _c2013
245 0 _aCASES IN STRATEGIC MANAGEMENT
260 _aTATA MC GRAW HILL
942 _2ddc
_c01
999 _c2677
_d2677